| 000 | 01296namaa22003131i 4500 | ||
|---|---|---|---|
| 005 | 20260302105844.0 | ||
| 008 | 260114s1994 ua a|||frm||| 000 0 eng d | ||
| 040 |
_aEG-GICUC _beng _cEG-GICUC _dEG-GICUC _erda |
||
| 041 | 0 |
_aeng _beng _bara |
|
| 049 | _aDeposit | ||
| 097 | _aM.Sc | ||
| 099 | _aCai01.11.12.M.Sc.1994.As.M | ||
| 100 | 0 |
_aAshraf Gamal El-Deen Ibrahim, _epreparation. |
|
| 245 | 1 | 0 |
_aMycotic infection of paranasal sinuses in immunocompromised patients / _cBy Ashraf Gamal El-Deen Ibrahim ; Supervised Prof. Dr. Taher Soliman, Dr. Sherif Raafat. |
| 246 | 1 | 5 | _aالالتهابات الفطرية في الجيوب الانفية في المرضي الذين يعانون من نقص المناعة |
| 264 | 0 | _c1994. | |
| 300 |
_a88 Leaves _billustrations _c30 cm. + |
||
| 336 |
_2rda content _atext |
||
| 337 |
_2rdamedia _aUnmediated |
||
| 338 |
_2rdacarrier _avolume |
||
| 502 | _aThesis (M.Sc.)-Cairo University, 1994 | ||
| 504 | _aBibliography: pages 72-88 | ||
| 653 | 0 |
_aparanasal sinuses _aimmunocompromised |
|
| 700 | 0 |
_aTaher Soliman _eReviewer. |
|
| 700 | 0 |
_aSherif Raafat _ethesis advisor. |
|
| 900 |
_DDepartment of E.N.T _FFaculty of Medicine _UCairo University _b1994 _cTaher Soliman _cSherif Raafat |
||
| 905 |
_aNehad _eNourhan |
||
| 942 |
_2ddc _cTH _e21 _n0 |
||
| 999 | _c177668 | ||